00886 2200313 4500001002100000005001500021035002000036007000300056040001700059100003400076245007000110250001400180300004000194020002200234041000800256082001000264084001600274090002000290264004300310336002100353337003000374338002300404600001400427700003600441850001000477008004100487990002200528990002200550INLIS00000000000972620260414033216 a0010-0123000053ta aSBPUPADbind0 aDeddy Mulyana, dkkePengarang1 aKomunikasi kesehatan :bpemikiran dan penelitian /cDeddy Mulyana a--Cet. 1. axii, 268 halaman :bilus. ;c24 cm. a978-602-446-202-4 aind a302.2 a302.2 DED k a302.2 DED k 7-3 aBandung :bPT Remaja Rosdakarya,c2018 2rdacontentaTeks 2rdamediaatanpa perantara 2rdacarrieravolume 4aSosiologi aeditor, Dedy mulyanaePengarang aPUPAD260414 0  a30.014/B/DPK/2018 a30.013/B/DPK/2018